| 000 | 01043nas a2200325 4500 | ||
|---|---|---|---|
| 001 | BR2019001876 | ||
| 003 | BR-BrBNA | ||
| 005 | 20231205132006.0 | ||
| 007 | ta | ||
| 008 | 230509b bl.|||p| |||| 00| 00por d | ||
| 040 |
_aBR-BrBNA _bpor _cBiblioteca Nacional de Agricultura |
||
| 041 | _a(Pt) | ||
| 072 | _aP33 | ||
| 100 | 1 | _aSilva, D.F. da | |
| 100 | 1 | _aPegoraro, R.F. | |
| 100 | 1 | _aMaia, V.M. | |
| 100 | 1 | _aKondo, M.K. | |
| 100 | 1 | _aSouza, G.L.O.D. de | |
| 100 | 1 | _aMota, M.F.C. | |
| 245 | 1 | _aVolatilização de amônia do solo após doses de ureia com inibidores de urease e de nitrificação na cultura do abacaxi | |
| 650 | _aANÁLISE DO SOLO | ||
| 650 | _aNITROGÊNIO | ||
| 650 | _aPERDA | ||
| 650 | _aEVAPORAÇÃO | ||
| 650 | _aCONDIÇÃO AMBIENTAL | ||
| 773 | 0 |
_tRevista Ceres (Brazil) _xISSN 2177-3491 _g(May-Jun 2017), v. 64(3) p. 327-335 _wBR2019001876 |
|
| 856 | 4 | 0 | _uhttp://www.scielo.br/pdf/rceres/v64n3/2177-3491-rceres-64-03-00327.pdf |
| 909 |
_a202311 _bLúcia _c55 _dLúcia Elande |
||
| 942 |
_2AGRIS _n0 _cANA |
||
| 999 |
_c257851 _d257851 |
||